Mao Zedong y China
-д хадгалсан:
| Үндсэн зохиолч: | |
|---|---|
| Формат: | Ном |
| Хэл сонгох: | испани |
| Хэвлэсэн: |
Madrid
Akal
1991
|
| Цуврал: | Colección Historia del Mundo para Jóvenes
|
| Нөхцлүүд: | |
| Шошгууд: |
Шошго нэмэх
Шошго байхгүй, Энэхүү баримтыг шошголох эхний хүн болох!
|
MARC
| LEADER | 00000nam a2200000 a 4500 | ||
|---|---|---|---|
| 001 | UCO1413 | ||
| 003 | CL-VaPUC | ||
| 008 | 000512e19910000SP |||||||||||||||||spa|d | ||
| 082 | 0 | 4 | |a 923.1 |b DUN |2 21 |
| 100 | 0 | |a Dunster, Jack |e author |9 443496 | |
| 245 | 1 | 0 | |a Mao Zedong y China |
| 300 | |a 32 p | ||
| 942 | |c BK | ||
| 945 | |d 20000512 00:00:00 |a rbrito | ||
| 260 | |a Madrid |b Akal |c 1991 | ||
| 600 | 0 | |a Mao, Tse-Tung, |d 1893-1976 |q Mao, Zedong |9 862346 | |
| 650 | 7 | |a POLITICA CHINA |2 CL-VaPUC |9 443498 | |
| 650 | 0 | |a Biografías |9 255210 | |
| 651 | 0 | |a China |9 257545 | |
| 583 | |a last modification |c 20000512 00:00:00 |k Rodrigo Vera | ||
| 490 | 0 | |a Colección Historia del Mundo para Jóvenes | |
| 999 | |c 288036 |d 288034 | ||
| 952 | |0 0 |1 0 |4 0 |6 923_100000000000000_DUN_1991 |7 0 |8 A |9 335207 |a BIBHIS |b BIBHIS |d 2019-11-20 |i 3622126 |o 923.1 DUN 1991 |p 3622126 |r 2025-01-20 |w 2019-11-20 |y BK |k HIS | ||